000 00307nam a2200133 i 4500
001 bg
100 1 _aORAEVSKIJ, V. N.
245 0 _aPlazma na zemle i v kosmose /
_cV.N. Oraevskij.
260 _aKiev,
_c1974.
040 _cBPK
041 _apol
942 _cKS
008 s pl f |000 0 pol
999 _c26768
_d26768
856 _uhttp://koha.tu.koszalin.pl/cgi-bin/koha/opac-detail.pl?biblionumber=26768
_yKatalog online BPK